banner koha

Variação da toxicidade do Diazinon devido a produtos de sua degradação (Registro n. 192825)

MARC details
000 -LÍDER
campo de controle de tamanho fixo 00881nas a2200301 4500
001 - NÚMERO DE CONTROLE
campo de controle BR0800176
003 - IDENTIFICADOR DO NÚMERO DE CONTROLE
campo de controle BR-BrBNA
005 - DATA E HORÁRIO DA ÚLTIMA TRANSAÇÃO
campo de controle 20231205111444.0
007 - CAMPO FIXO DE DESCRIÇÃO FÍSICA--INFORMAÇÃO GERAL
campo de controle de tamanho fixo ta
008 - CAMPO DE DADOS FIXOS--INFORMAÇÃO GERAL
campo de controle de tamanho fixo 230509b bl.|||p| |||| 00| 00por d
040 ## - FONTE DA CATALOGAÇÃO
Instituição da catalogação original BR-BrBNA
Idioma da catalogação por
Instituição que transcreveu o registro Biblioteca Nacional de Agricultura
041 ## - CÓDIGO DE IDIOMA
Código do idioma do texto/trilha sonora ou título diferente (Pt)
072 ## - CÓDIGO DE CATEGORIA DE ASSUNTO
Código de Categoria de Assunto L72; L74
100 1# - ENTRADA PRINCIPAL--NOME PESSOAL
Nome pessoal Hirata, R.
100 1# - ENTRADA PRINCIPAL--NOME PESSOAL
Nome pessoal Rosa, A.R.
100 1# - ENTRADA PRINCIPAL--NOME PESSOAL
Nome pessoal Puga, F.R.
100 1# - ENTRADA PRINCIPAL--NOME PESSOAL
Nome pessoal Savoy, V.L.T.
245 1# - TÍTULO
Título Variação da toxicidade do Diazinon devido a produtos de sua degradação
650 ## - ASSUNTO--TERMO TÓPICO
Cabeçalho tópico ou nome geográfico ANÁLISE QUÍMICA
650 ## - ASSUNTO--TERMO TÓPICO
Cabeçalho tópico ou nome geográfico TOXIDEZ
650 ## - ASSUNTO--TERMO TÓPICO
Cabeçalho tópico ou nome geográfico CARRAPATICIDA
650 ## - ASSUNTO--TERMO TÓPICO
Cabeçalho tópico ou nome geográfico GADO
650 ## - ASSUNTO--TERMO TÓPICO
Cabeçalho tópico ou nome geográfico INTOXICAÇÃO
650 ## - ASSUNTO--TERMO TÓPICO
Cabeçalho tópico ou nome geográfico MORTALIDADE ANIMAL
773 0# - ENTRADA ANALÍTICA
Título Arquivos do Instituto Biológico (Brazil)
ISSN - International Standard Serial Number ISSN 0020-3653
Partes relacionadas (Jan-Jun 1999), v. 66(1) p. 113-115
Número de controle do registro BR0800176
909 ## -
-- 202311
-- Lúcia
-- 55
-- Lúcia Elande
942 ## - ELEMENTOS DE ENTRADA ADICIONADOS (KOHA)
Fonte da classificação ou esquema de arquivamento na estante Classificação AGRIS
Ocultar no OPAC Não
Tipo de material Koha Analítica
Exemplares
Situação do descarte Fonte da classificação ou esquema de arquivamento na estante Situação física Não pode ser emprestado Biblioteca de origem Biblioteca atual Localização na estante Enumeração do periódico / cronologia Total de empréstimos Data de último acesso Número do exemplar Tipo de material Koha Fonte de aquisição
  Classificação AGRIS   Consulta local Biblioteca Nacional de Agricultura - Binagri Biblioteca Nacional de Agricultura - Binagri   (Jan-Jun 1999), v. 66(1) p. 113-115   29/11/2023 01 Periódicos Portaria Interministerial nº 164/94

BINAGRI

Telefone: (61)3218-2567/2388/3357/2097 - binagri@agro.gov.br

Ministério da Agricultura e Pecuária , Esplanada dos Ministérios, Bloco D, Anexo B, Brasília/DF, CEP: 70.043-900